[Event "Edmonton ch"]
[Site "Edmonton CAN"]
[Date "2009.01.22"]
[Round "2.1"]
[White "Pechenkin, Vladimir"]
[Black "Regimbald, Adrien"]
[Result "1-0"]
[WhiteElo "2310"]
[BlackElo "1946"]
[PlyCount "79"]
[GameId "2160767910273352"]
[EventDate "2009.01.08"]
[EventType "k.o."]
[EventRounds "4"]
[EventCountry "CAN"]

1. f4 d5 2. Nf3 c5 3. e3 Nc6 4. Be2 Nf6 5. d3 Bg4 6. O-O Bxf3 7. Bxf3 e5 8. Nc3 Be7 9. e4 dxe4 10. Nxe4 O-O 11. fxe5 Nd5 12. Nc3 Nxc3 13. bxc3 Nxe5 14. Bxb7 Rb8 15. Be4 Ng6 16. Bd2 Qa5 17. c4 Qa3 18. Qc1 Rb2 19. Rb1 Rxa2 20. Qxa3 Rxa3 21. Ra1 Rxa1 22. Rxa1 Rb8 23. Rxa7 Bf6 24. Ra8 Rxa8 25. Bxa8 Kf8 26. Kf2 Ke7 27. Bd5 Ne5 28. Ke2 Nd7 29. h3 Be5 30. Kd1 f5 31. c3 Nf6 32. Bf3 h6 33. Kc2 g5 34. Be3 g4 35. hxg4 fxg4 36. Bxc5+ Kd7 37. Be2 h5 38. Bf2 g3 39. Be3 h4 40. Bf3 1-0

[Event "Edmonton ch"]
[Site "Edmonton CAN"]
[Date "2009.01.27"]
[Round "2.2"]
[White "Pedersen, Rick"]
[Black "Hughey, Micah"]
[Result "1/2-1/2"]
[WhiteElo "1928"]
[BlackElo "2152"]
[PlyCount "44"]
[GameId "2160767910273356"]
[EventDate "2009.01.08"]
[EventType "k.o."]
[EventRounds "4"]
[EventCountry "CAN"]

1. g3 e5 2. Bg2 d5 3. d3 Nf6 4. Nf3 Nc6 5. O-O Be7 6. Nbd2 O-O 7. c4 d4 8. a3 a5 9. Qc2 Bg4 10. h3 Bf5 11. c5 Nd7 12. Nc4 Re8 13. Bd2 Bxc5 14. g4 Bg6 15. Nxa5 Nxa5 16. b4 e4 17. Ne1 e3 18. fxe3 dxe3 19. Bc3 Bb6 20. bxa5 Bxa5 21. Bxb7 Ra7 22. Bg2 h5 1/2-1/2

[Event "Edmonton ch"]
[Site "Edmonton CAN"]
[Date "2009.01.27"]
[Round "2.2"]
[White "Regimbald, Adrien"]
[Black "Pechenkin, Vladimir"]
[Result "0-1"]
[WhiteElo "1946"]
[BlackElo "2310"]
[PlyCount "58"]
[GameId "2160767910273358"]
[EventDate "2009.01.08"]
[EventType "k.o."]
[EventRounds "4"]
[EventCountry "CAN"]

1. c4 e5 2. Nc3 Nf6 3. g3 d6 4. Bg2 Nbd7 5. d3 c6 6. b4 d5 7. a3 d4 8. Ne4 Nxe4 9. Bxe4 Bd6 10. e3 O-O 11. exd4 exd4 12. Ne2 c5 13. Rb1 cxb4 14. axb4 a5 15. bxa5 Nc5 16. O-O Nxe4 17. dxe4 Bc5 18. Qd3 Rxa5 19. Bb2 Ra2 20. Rfd1 f5 21. e5 f4 22. Qb3 fxg3 23. hxg3 Qa5 24. Nxd4 Bg4 25. Re1 Qd2 26. Rf1 Rxb2 27. Qxb2 Qxb2 28. Rxb2 Bxd4 29. Rxb7 Be2 0-1

[Event "Edmonton ch"]
[Site "Edmonton CAN"]
[Date "2009.02.05"]
[Round "3.1"]
[White "Pechenkin, Vladimir"]
[Black "Gardner, Robert"]
[Result "1-0"]
[WhiteElo "2310"]
[BlackElo "2254"]
[PlyCount "45"]
[GameId "2160767910273361"]
[EventDate "2009.01.08"]
[EventType "k.o."]
[EventRounds "4"]
[EventCountry "CAN"]

1. d4 Nf6 2. Bg5 e6 3. e3 c5 4. c3 h6 5. Bh4 g5 6. Bg3 Nc6 7. Nd2 d5 8. Bd3 Bd6 9. Ngf3 Qe7 10. Ne5 Bd7 11. Qf3 Bxe5 12. dxe5 Nh7 13. e4 O-O-O 14. O-O-O d4 15. Nc4 dxc3 16. bxc3 Kb8 17. Nd6 Be8 18. Bb5 Qc7 19. Rd2 Qa5 20. Rb2 Ka8 21. Qe3 a6 22. Bxc6 bxc6 23. Nb7 1-0

[Event "Edmonton ch reserves"]
[Site "Edmonton CAN"]
[Date "2009.01.08"]
[Round "1"]
[White "Bellemare, Regis"]
[Black "Pavlic, Stephen"]
[Result "1-0"]
[WhiteElo "1602"]
[BlackElo "1398"]
[PlyCount "65"]
[GameId "2160767910273364"]
[EventDate "2009.01.08"]
[EventType "swiss"]
[EventRounds "7"]
[EventCountry "CAN"]
[SourceTitle "EXT 2011"]
[Source "ChessBase"]
[SourceDate "2011.11.26"]
[SourceVersion "1"]
[SourceVersionDate "2011.11.26"]
[SourceQuality "1"]

1. e4 e5 2. f4 d6 3. fxe5 dxe5 4. Nf3 Nc6 5. Bc4 Nf6 6. d3 Bc5 7. Nc3 Bg4 8. Bb5 O-O 9. Bxc6 bxc6 10. h3 Bh5 11. Bg5 Rb8 12. Qc1 Bxf3 13. gxf3 Qd4 14. Rf1 Nh5 15. Bh4 Bb4 16. Qd2 Bxc3 17. bxc3 Qd6 18. Bf2 a6 19. Qg5 g6 20. Rg1 Nf4 21. Bg3 Nxh3 22. Qh6 Nxg1 23. Kf2 Qf6 24. Rxg1 Rfe8 25. Rh1 Qg7 26. Qh2 Rb2 27. Ke3 Rxa2 28. f4 exf4+ 29. Bxf4 Ra3 30. Qh4 Rxc3 31. Bg5 Re6 32. Bh6 Qh8 33. Qd8+ 1-0

[Event "Edmonton ch reserves"]
[Site "Edmonton CAN"]
[Date "2009.01.08"]
[Round "1"]
[White "Huang, Zhonglin"]
[Black "Schech, Roland"]
[Result "0-1"]
[WhiteElo "1405"]
[BlackElo "1652"]
[PlyCount "80"]
[GameId "2160767910273365"]
[EventDate "2009.01.08"]
[EventType "swiss"]
[EventRounds "7"]
[EventCountry "CAN"]
[SourceTitle "EXT 2011"]
[Source "ChessBase"]
[SourceDate "2011.11.26"]
[SourceVersion "1"]
[SourceVersionDate "2011.11.26"]
[SourceQuality "1"]

1. d4 Nf6 2. c4 g6 3. Nc3 d5 4. Nf3 Bg7 5. g3 c6 6. b3 O-O 7. Bg2 Re8 8. O-O Nbd7 9. Re1 e5 10. e4 exd4 11. Nxd4 c5 12. Nc2 d4 13. Nb5 Ne5 14. f4 Bg4 15. Qd2 Nf3+ 16. Bxf3 Bxf3 17. e5 Ne4 18. Qd3 Bg4 19. Qxe4 Bf5 20. Qxb7 Bxc2 21. Nc7 Rb8 22. Qxa7 Re7 23. Qxc5 Rxc7 24. Qd5 Rd7 25. Qg2 d3 26. Rf1 d2 27. Ba3 Ra8 28. Bd6 Rxd6 29. exd6 Bxa1 30. Rxa1 Bxb3 31. Qxd2 Bxc4 32. Re1 Rxa2 33. Qd4 Be6 34. g4 Ra6 35. Rd1 Bxg4 36. Rd2 Bd7 37. Qd5 Rc6 38. Qe5 Bh3 39. Qe7 Qb6+ 40. Rf2 Rc1+ 0-1

[Event "Edmonton ch reserves"]
[Site "Edmonton CAN"]
[Date "2009.01.08"]
[Round "1"]
[White "MacLeod, Damon"]
[Black "Johnson, Ron"]
[Result "1/2-1/2"]
[WhiteElo "1653"]
[BlackElo "1442"]
[PlyCount "110"]
[GameId "2160767910273366"]
[EventDate "2009.01.08"]
[EventType "swiss"]
[EventRounds "7"]
[EventCountry "CAN"]
[SourceTitle "EXT 2011"]
[Source "ChessBase"]
[SourceDate "2011.11.26"]
[SourceVersion "1"]
[SourceVersionDate "2011.11.26"]
[SourceQuality "1"]

1. e4 e5 2. Nf3 Nc6 3. Bb5 a6 4. Bxc6 dxc6 5. O-O f6 6. d4 exd4 7. Nxd4 c5 8. Nb3 Qxd1 9. Rxd1 b6 10. Bf4 Ra7 11. Nc3 c6 12. Bd6 Rd7 13. Bxf8 Kxf8 14. f4 Nh6 15. h3 Kf7 16. Rxd7+ Bxd7 17. Rd1 Rd8 18. Kf2 Ke7 19. g4 Nf7 20. Ke3 g6 21. Nd2 b5 22. Nf3 f5 23. gxf5 gxf5 24. e5 Rg8 25. Rg1 Rxg1 26. Nxg1 Nd8 27. Kf3 Ne6 28. Nge2 Nd4+ 29. Nxd4 cxd4 30. Ne2 c5 31. c3 Bc6+ 32. Kf2 d3 33. Ng3 Ke6 34. Nf1 Bd5 35. a3 a5 36. Nd2 c4 37. Ke3 h5 38. Kd4 Bc6 39. Kc5 Be8 40. h4 a4 41. Nf3 Bd7 42. Kd4 Bc6 43. Ng5+ Ke7 44. Ke3 Bd7 45. Nh7 Bc6 46. Nf6 Be8 47. Nd5+ Ke6 48. Nb4 Bd7 49. Na6 Ke7 50. Nc5 Be6 51. Nxd3 cxd3 52. Kxd3 Bc4+ 53. Kd4 Ke6 54. Kc5 Bd3 55. Kb6 Bc4 1/2-1/2

[Event "Edmonton ch reserves"]
[Site "Edmonton CAN"]
[Date "2009.01.08"]
[Round "1"]
[White "Mendryk, Wayne"]
[Black "Stark, Mark"]
[Result "0-1"]
[WhiteElo "1468"]
[BlackElo "1975"]
[PlyCount "50"]
[GameId "2160767910273367"]
[EventDate "2009.01.08"]
[EventType "swiss"]
[EventRounds "7"]
[EventCountry "CAN"]
[SourceTitle "EXT 2011"]
[Source "ChessBase"]
[SourceDate "2011.11.26"]
[SourceVersion "1"]
[SourceVersionDate "2011.11.26"]
[SourceQuality "1"]

1. d4 Nf6 2. c4 c5 3. d5 g6 4. Nc3 d6 5. e4 Bg7 6. Nf3 O-O 7. Be2 e6 8. h3 exd5 9. cxd5 Re8 10. Bg5 Nbd7 11. Qd2 a6 12. a4 Qc7 13. Bd3 c4 14. Bc2 Nxe4 15. Bxe4 Nc5 16. Nd4 Rxe4+ 17. Nxe4 Nxe4 18. Qf4 Qa5+ 19. Kf1 Nxg5 20. h4 Qxd5 21. Re1 Ne6 22. Nxe6 Bxe6 23. Re2 Bf5 24. Rd2 Bd3+ 25. Kg1 Re8 0-1

[Event "Edmonton ch reserves"]
[Site "Edmonton CAN"]
[Date "2009.01.15"]
[Round "2"]
[White "Borger, Rocky"]
[Black "Mendryk, Wayne"]
[Result "1-0"]
[WhiteElo "1345"]
[BlackElo "1468"]
[PlyCount "75"]
[GameId "2160767910273368"]
[EventDate "2009.01.08"]
[EventType "swiss"]
[EventRounds "7"]
[EventCountry "CAN"]
[SourceTitle "EXT 2011"]
[Source "ChessBase"]
[SourceDate "2011.11.26"]
[SourceVersion "1"]
[SourceVersionDate "2011.11.26"]
[SourceQuality "1"]

1. e4 c5 2. Bc4 Nc6 3. Nf3 Nf6 4. Nc3 h6 5. h3 d6 6. b3 e6 7. Bb2 Be7 8. Qe2 a6 9. a4 O-O 10. Qe3 d5 11. exd5 exd5 12. O-O dxc4 13. bxc4 Be6 14. d3 Nd4 15. Ne1 Qd6 16. Rd1 Qc6 17. f4 Rfe8 18. Nf3 Nxc2 19. Qf2 Nb4 20. Ne5 Qc7 21. Rde1 Rad8 22. Re3 Rd6 23. f5 Bd7 24. Qd2 Bc6 25. Rg3 Nh5 26. Rg4 Kf8 27. Ne4 Bxe4 28. Rxe4 Ng3 29. Ng6+ fxg6 30. fxg6+ Bf6 31. Rxe8+ Kxe8 32. Qe3+ Qe7 33. Qxg3 Bh4 34. Qg4 Qe3+ 35. Kh2 Rxd3 36. Qxh4 Qe2 37. Re1 Rxh3+ 38. Kxh3 1-0

[Event "Edmonton ch reserves"]
[Site "Edmonton CAN"]
[Date "2009.01.15"]
[Round "2"]
[White "Cote, Brent"]
[Black "Dean, Tim"]
[Result "0-1"]
[WhiteElo "1538"]
[BlackElo "1935"]
[PlyCount "96"]
[GameId "2160767910273369"]
[EventDate "2009.01.08"]
[EventType "swiss"]
[EventRounds "7"]
[EventCountry "CAN"]

1. e4 e5 2. Nf3 Nc6 3. Bb5 a6 4. Ba4 Nf6 5. Nc3 d6 6. h3 b5 7. Bb3 Na5 8. d3 Nxb3 9. axb3 Bb7 10. O-O Be7 11. Be3 O-O 12. Ne2 Re8 13. c3 Bf8 14. Ng3 d5 15. Qc2 h6 16. c4 Qd7 17. exd5 c6 18. Ne4 cxd5 19. Nxf6+ gxf6 20. Nh4 d4 21. Bd2 e4 22. Bf4 f5 23. Qe2 Be7 24. Qh5 Bxh4 25. Qxh4 Re6 26. Bxh6 Rae8 27. dxe4 Qc6 28. Bf4 fxe4 29. f3 e3 30. cxb5 Qxb5 31. Rac1 d3 32. Rc7 d2 33. Bxe3 Qxf1+ 34. Kxf1 d1=Q+ 35. Kf2 Qd6 36. Rxb7 Rxe3 37. Qg5+ Qg6 38. Qxe3 Rxe3 39. Kxe3 Qxg2 40. Ra7 Qxb2 41. Rxa6 Qxb3+ 42. Kf2 Qb2+ 43. Kg3 Qe5+ 44. f4 Qe4 45. Ra3 Kg7 46. Rf3 f5 47. Kf2 Kh6 48. Rg3 Qxf4+ 0-1

[Event "Edmonton ch reserves"]
[Site "Edmonton CAN"]
[Date "2009.01.15"]
[Round "2"]
[White "Johnson, Ron"]
[Black "Laboucane, Randy"]
[Result "0-1"]
[WhiteElo "1442"]
[BlackElo "1926"]
[PlyCount "64"]
[GameId "2160767910273370"]
[EventDate "2009.01.08"]
[EventType "swiss"]
[EventRounds "7"]
[EventCountry "CAN"]
[SourceTitle "EXT 2011"]
[Source "ChessBase"]
[SourceDate "2011.11.26"]
[SourceVersion "1"]
[SourceVersionDate "2011.11.26"]
[SourceQuality "1"]

1. e4 c5 2. Nf3 d6 3. d4 cxd4 4. Nxd4 Nf6 5. Nc3 a6 6. Be2 e6 7. O-O Be7 8. Be3 Qc7 9. f4 Nbd7 10. Nf3 Ng4 11. Bd2 Qc5+ 12. Kh1 Nf2+ 13. Rxf2 Qxf2 14. f5 Qc5 15. Bf4 b5 16. a3 Nb6 17. Bd3 O-O 18. Qe1 Bf6 19. Bxd6 Qxd6 20. e5 Bxe5 21. Nxe5 exf5 22. Nf3 Bb7 23. Qf2 g6 24. Rd1 Qf6 25. Nd4 Rad8 26. Nb3 Nc4 27. Bxc4 Rxd1+ 28. Nxd1 bxc4 29. Na5 Qd8 30. Nxb7 Qxd1+ 31. Qg1 Qxc2 32. Nc5 Rd8 0-1

[Event "Edmonton ch reserves"]
[Site "Edmonton CAN"]
[Date "2009.01.15"]
[Round "2"]
[White "Pavlic, Stephen"]
[Black "Huang, Zhonglin"]
[Result "1-0"]
[WhiteElo "1398"]
[BlackElo "1405"]
[PlyCount "47"]
[GameId "2160767910273371"]
[EventDate "2009.01.08"]
[EventType "swiss"]
[EventRounds "7"]
[EventCountry "CAN"]
[SourceTitle "EXT 2011"]
[Source "ChessBase"]
[SourceDate "2011.11.26"]
[SourceVersion "1"]
[SourceVersionDate "2011.11.26"]
[SourceQuality "1"]

1. e4 e5 2. Nf3 Nc6 3. Bb5 Nf6 4. Nc3 Bc5 5. O-O O-O 6. d3 d6 7. Bg5 h6 8. Bxf6 Qxf6 9. Qd2 a6 10. Ba4 Ne7 11. Rad1 Be6 12. Bb3 Rad8 13. Bxe6 fxe6 14. d4 exd4 15. Nxd4 Bxd4 16. Qxd4 Qxd4 17. Rxd4 Nc6 18. Rd2 Ne5 19. b3 b5 20. a3 Rb8 21. f4 Nd7 22. f5 exf5 23. Rxf5 Rxf5 24. exf5 1-0

[Event "Edmonton ch reserves"]
[Site "Edmonton CAN"]
[Date "2009.01.15"]
[Round "2"]
[White "Procyshyn, Jeff"]
[Black "MacLeod, Damon"]
[Result "0-1"]
[WhiteElo "1412"]
[BlackElo "1653"]
[PlyCount "50"]
[GameId "2160767910273372"]
[EventDate "2009.01.08"]
[EventType "swiss"]
[EventRounds "7"]
[EventCountry "CAN"]
[SourceTitle "EXT 2011"]
[Source "ChessBase"]
[SourceDate "2011.11.26"]
[SourceVersion "1"]
[SourceVersionDate "2011.11.26"]
[SourceQuality "1"]

1. d4 d5 2. c4 e6 3. cxd5 exd5 4. Nc3 Nf6 5. Nf3 c5 6. dxc5 Bxc5 7. e3 Nc6 8. Be2 O-O 9. O-O Bf5 10. Na4 Bd6 11. Nd4 Bg6 12. b3 Qc7 13. f4 Be4 14. Nc3 Bb4 15. Bb2 Nxd4 16. Nxe4 Nxe2+ 17. Qxe2 Nxe4 18. Rf3 Bc3 19. Rc1 Qa5 20. Bxc3 Nxc3 21. Qd3 Ne4 22. b4 Qxa2 23. Rc2 Qb1+ 24. Rf1 Qxb4 25. Qxd5 Rac8 0-1

[Event "Edmonton ch reserves"]
[Site "Edmonton CAN"]
[Date "2009.01.15"]
[Round "2"]
[White "Pua, Richard"]
[Black "Sekuloff, Mike"]
[Result "0-1"]
[WhiteElo "1977"]
[BlackElo "1589"]
[PlyCount "114"]
[GameId "2160767910273373"]
[EventDate "2009.01.08"]
[EventType "swiss"]
[EventRounds "7"]
[EventCountry "CAN"]
[SourceTitle "EXT 2011"]
[Source "ChessBase"]
[SourceDate "2011.11.26"]
[SourceVersion "1"]
[SourceVersionDate "2011.11.26"]
[SourceQuality "1"]

1. e4 c5 2. c3 e6 3. d4 cxd4 4. cxd4 d5 5. Nc3 dxe4 6. Nxe4 Bb4+ 7. Nc3 Nc6 8. Nf3 Nge7 9. Bd3 O-O 10. O-O Nf5 11. Be3 a6 12. Rc1 Bd7 13. Qc2 Nce7 14. Ne5 Rc8 15. g4 f6 16. Nxd7 Nxe3 17. Nxf6+ Rxf6 18. Bxh7+ Kh8 19. fxe3 Nd5 20. Qd3 Rxf1+ 21. Rxf1 Bxc3 22. e4 Nb4 23. Qh3 Bxd4+ 24. Kh1 Qg5 25. Bg6+ Qh6 26. Qh5 Qxh5 27. gxh5 Bxb2 28. Rf7 b6 29. Re7 e5 30. Bf5 Rd8 31. Rb7 Bd4 32. a3 Nd3 33. Kg2 Nf4+ 34. Kf3 Nxh5 35. Kg4 Nf4 36. Kg5 a5 37. a4 Be3 38. Ra7 Rg8 39. h4 g6 40. Bd7 Nh5+ 41. Kg4 Nf6+ 42. Kf3 Bd4 43. Bb5 Rg7 44. Ra8+ Kh7 45. Rf8 Nh5 46. Kg4 Nf4 47. Bc4 Kh6 48. Rf6 Nh5 49. Rf8 Rc7 50. Rh8+ Kg7 51. Rg8+ Kh7 52. Kg5 Rxc4 53. Rxg6 Ng7 54. h5 Be3+ 55. Kh4 Rxe4+ 56. Kh3 Nxh5 57. Rc6 Rxa4 0-1

[Event "Edmonton ch reserves"]
[Site "Edmonton CAN"]
[Date "2009.01.15"]
[Round "2"]
[White "Rekhson, Vladislav"]
[Black "Bellemare, Regis"]
[Result "1-0"]
[WhiteElo "2172"]
[BlackElo "1602"]
[PlyCount "135"]
[GameId "2160767910273374"]
[EventDate "2009.01.08"]
[EventType "swiss"]
[EventRounds "7"]
[EventCountry "CAN"]
[SourceTitle "EXT 2011"]
[Source "ChessBase"]
[SourceDate "2011.11.26"]
[SourceVersion "1"]
[SourceVersionDate "2011.11.26"]
[SourceQuality "1"]

1. e4 c5 2. Nf3 e6 3. c4 g6 4. d4 Bg7 5. d5 d6 6. Nc3 a6 7. dxe6 fxe6 8. Bf4 e5 9. Bg5 Bf6 10. Be3 Ne7 11. Be2 Nbc6 12. O-O Nd4 13. Nd5 Nxd5 14. cxd5 Nxe2+ 15. Qxe2 Bd7 16. a4 b5 17. a5 b4 18. Nd2 O-O 19. Nc4 Bb5 20. b3 Bg5 21. Rfc1 Bxe3 22. Qxe3 Bxc4 23. Rxc4 Rb8 24. Qh3 Qf6 25. Rc2 Rb7 26. Qd3 Ra7 27. Re1 Qd8 28. Qh3 Kg7 29. Ra2 Raf7 30. Qd3 Ra7 31. Re3 Qg5 32. Rc2 Qd8 33. Ra2 Qg5 34. g3 h5 35. Rc2 Qd8 36. Ra2 Qg5 37. Ra1 h4 38. Rf1 hxg3 39. Rxg3 Qf4 40. Kh1 Rh8 41. Rfg1 Rh6 42. Qe2 Kh8 43. Qg4 Qxg4 44. Rxg4 Rah7 45. R1g2 Rg7 46. Kg1 Kh7 47. f4 exf4 48. Rxf4 Rh3 49. Rg3 Rxg3+ 50. hxg3 g5 51. Rf6 Rd7 52. Kf2 c4 53. bxc4 b3 54. Ke3 b2 55. Rf1 Rb7 56. Rb1 Kg6 57. Kd4 Kf6 58. c5 dxc5+ 59. Kxc5 Rb5+ 60. Kd6 g4 61. e5+ Kf7 62. e6+ Ke8 63. Rh1 Kf8 64. e7+ Kg7 65. e8=Q b1=Q 66. Rxb1 Rxb1 67. Qe5+ Kh6 68. Qf6+ 1-0

[Event "Edmonton ch reserves"]
[Site "Edmonton CAN"]
[Date "2009.01.15"]
[Round "2"]
[White "Stark, Mark"]
[Black "Schech, Roland"]
[Result "1-0"]
[WhiteElo "1975"]
[BlackElo "1652"]
[PlyCount "51"]
[GameId "2160767910273375"]
[EventDate "2009.01.08"]
[EventType "swiss"]
[EventRounds "7"]
[EventCountry "CAN"]
[SourceTitle "EXT 2011"]
[Source "ChessBase"]
[SourceDate "2011.11.26"]
[SourceVersion "1"]
[SourceVersionDate "2011.11.26"]
[SourceQuality "1"]

1. c4 Nf6 2. Nc3 g6 3. e4 d6 4. d4 Bg7 5. Nf3 O-O 6. Be2 Na6 7. O-O c5 8. d5 Nc7 9. Bg5 h6 10. Bf4 Nh7 11. Qd2 g5 12. Be3 f5 13. exf5 Bxf5 14. h4 g4 15. Ne1 h5 16. Nd3 e5 17. g3 Nf6 18. Rae1 Qd7 19. a4 a6 20. a5 Ne4 21. Nxe4 Bxe4 22. b4 Nxd5 23. cxd5 Bxd5 24. bxc5 Qc6 25. Nb4 Bh1 26. Nxc6 1-0

[Event "Edmonton ch reserves"]
[Site "Edmonton CAN"]
[Date "2009.01.22"]
[Round "3"]
[White "Dean, Tim"]
[Black "Stark, Mark"]
[Result "1-0"]
[WhiteElo "1935"]
[BlackElo "1975"]
[PlyCount "83"]
[GameId "2160767910273376"]
[EventDate "2009.01.08"]
[EventType "swiss"]
[EventRounds "7"]
[EventCountry "CAN"]
[SourceTitle "EXT 2011"]
[Source "ChessBase"]
[SourceDate "2011.11.26"]
[SourceVersion "1"]
[SourceVersionDate "2011.11.26"]
[SourceQuality "1"]

1. e4 g6 2. d4 Bg7 3. Be3 c6 4. Qd2 d5 5. e5 f6 6. f4 Nh6 7. Nf3 Bg4 8. Be2 Nd7 9. Ng5 Bf5 10. Nf3 Ng4 11. Bg1 Be4 12. Nc3 Bxf3 13. Bxf3 Nh6 14. Bf2 fxe5 15. fxe5 e6 16. Ne2 O-O 17. h4 c5 18. c3 Nf7 19. h5 Nfxe5 20. dxe5 Nxe5 21. O-O-O Qa5 22. Kb1 Nc4 23. Qc2 g5 24. Nc1 Qc7 25. Bg4 Rae8 26. Rhe1 Ne5 27. Bg3 Rf4 28. Bxf4 gxf4 29. Bh3 Qd6 30. b3 Nf7 31. Qd2 Ng5 32. Bg4 d4 33. cxd4 cxd4 34. Ne2 e5 35. Nxf4 e4 36. h6 Be5 37. Ne6 Nxe6 38. Bxe6+ Qxe6 39. Qg5+ Qg6 40. Qxg6+ hxg6 41. Rxe4 d3 42. Rxd3 1-0

[Event "Edmonton ch reserves"]
[Site "Edmonton CAN"]
[Date "2009.01.22"]
[Round "3"]
[White "Dhingra, Mohit"]
[Black "Amasaib, Magdi"]
[Result "0-1"]
[WhiteElo "1476"]
[BlackElo "1840"]
[PlyCount "52"]
[GameId "2160767910273377"]
[EventDate "2009.01.08"]
[EventType "swiss"]
[EventRounds "7"]
[EventCountry "CAN"]
[SourceTitle "EXT 2011"]
[Source "ChessBase"]
[SourceDate "2011.11.26"]
[SourceVersion "1"]
[SourceVersionDate "2011.11.26"]
[SourceQuality "1"]

1. d4 d5 2. c4 c6 3. Nc3 g6 4. Nf3 Bg7 5. Bf4 Nf6 6. Qc2 dxc4 7. e4 b5 8. e5 Nd5 9. a3 Nxf4 10. Qe4 Nd5 11. g4 f5 12. gxf5 Bxf5 13. Qh4 Qa5 14. Rc1 b4 15. axb4 Qxb4 16. Bg2 Bd3 17. Nd2 Qxb2 18. Rb1 Qxc3 19. Rd1 Nb4 20. f4 Nc2+ 21. Kf2 Qxd4+ 22. Kg3 O-O 23. Nf3 Qe3 24. Qxe7 Qxf4+ 25. Kf2 Qe3+ 26. Kg3 Bxe5+ 0-1

[Event "Edmonton ch reserves"]
[Site "Edmonton CAN"]
[Date "2009.01.22"]
[Round "3"]
[White "Johnson, Ron"]
[Black "Cote, Brent"]
[Result "0-1"]
[WhiteElo "1442"]
[BlackElo "1538"]
[PlyCount "72"]
[GameId "2160767910273378"]
[EventDate "2009.01.08"]
[EventType "swiss"]
[EventRounds "7"]
[EventCountry "CAN"]

1. e4 e5 2. Nf3 Nc6 3. Bb5 a6 4. Ba4 Nf6 5. O-O b5 6. Bb3 Be7 7. Re1 O-O 8. c3 Bb7 9. d4 d6 10. Bc2 Re8 11. Nbd2 Qd7 12. h3 Rad8 13. Nf1 h6 14. Ng3 Bf8 15. Nf5 a5 16. a3 a4 17. Nh2 Ne7 18. Nxe7+ Bxe7 19. Nf3 Bf8 20. Nh4 d5 21. f3 exd4 22. cxd4 c5 23. e5 Nh7 24. f4 cxd4 25. Qd3 f5 26. Nxf5 g6 27. Nh4 Nf6 28. Nxg6 Ne4 29. f5 Qxf5 30. Nxf8 Qf2+ 31. Kh2 Qxe1 32. Bxh6 Qh4 33. Bd2 Rxf8 34. Qxd4 Qg3+ 35. Kg1 Qf2+ 36. Kh2 Qxd2 0-1

[Event "Edmonton ch reserves"]
[Site "Edmonton CAN"]
[Date "2009.01.22"]
[Round "3"]
[White "Laboucane, Randy"]
[Black "Sekuloff, Mike"]
[Result "1/2-1/2"]
[WhiteElo "1926"]
[BlackElo "1570"]
[PlyCount "28"]
[GameId "2160767910273379"]
[EventDate "2009.01.08"]
[EventType "swiss"]
[EventRounds "7"]
[EventCountry "CAN"]
[SourceTitle "EXT 2011"]
[Source "ChessBase"]
[SourceDate "2011.11.26"]
[SourceVersion "1"]
[SourceVersionDate "2011.11.26"]
[SourceQuality "1"]

1. d4 d5 2. Nf3 Nf6 3. Bf4 e6 4. e3 Bd6 5. Bg5 O-O 6. Ne5 Nbd7 7. f4 Be7 8. Bd3 Ne4 9. Bxe7 Qxe7 10. O-O f6 11. Nxd7 Bxd7 12. Bxe4 dxe4 13. Nc3 f5 14. Ne2 Rad8 1/2-1/2

[Event "Edmonton ch reserves"]
[Site "Edmonton CAN"]
[Date "2009.01.22"]
[Round "3"]
[White "Lynn, Jim"]
[Black "Sponga, George"]
[Result "0-1"]
[WhiteElo "1883"]
[BlackElo "1696"]
[PlyCount "94"]
[GameId "2160767910273380"]
[EventDate "2009.01.08"]
[EventType "swiss"]
[EventRounds "7"]
[EventCountry "CAN"]
[SourceTitle "EXT 2011"]
[Source "ChessBase"]
[SourceDate "2011.11.26"]
[SourceVersion "1"]
[SourceVersionDate "2011.11.26"]
[SourceQuality "1"]

1. a3 c5 2. Nf3 e6 3. d4 cxd4 4. Nxd4 g6 5. b3 Bg7 6. Bb2 Qe7 7. Nf5 Bxb2 8. Nxe7 Nxe7 9. Ra2 Be5 10. c4 O-O 11. g3 Nbc6 12. Bg2 a6 13. O-O Rd8 14. e3 Rb8 15. Nd2 d5 16. cxd5 Nxd5 17. Bxd5 Rxd5 18. Qf3 Bg7 19. Nc4 b5 20. Nd2 Bb7 21. Qe2 Rbd8 22. b4 Bc3 23. Ne4 Bg7 24. Nc5 Ba8 25. Nxa6 Re5 26. Qc2 Rh5 27. f4 e5 28. Rd1 Rc8 29. Qe2 exf4 30. gxf4 Ne7 31. Rc2 Rf8 32. Nc7 Be4 33. Rc5 Nf5 34. Rd7 Rh3 35. Nd5 Nh4 36. Qxb5 Nf3+ 37. Kf2 Rxh2+ 38. Kg3 h5 39. Ne7+ Kh7 40. Nxg6 fxg6 41. Rxg7+ Kxg7 42. f5 gxf5 43. Qc4 Rf6 44. Qc3 f4+ 45. exf4 h4+ 46. Kg4 Rg2+ 47. Kh3 Rg3# 0-1

[Event "Edmonton ch reserves"]
[Site "Edmonton CAN"]
[Date "2009.01.22"]
[Round "3"]
[White "MacLeod, Damon"]
[Black "Borger, Rocky"]
[Result "1-0"]
[WhiteElo "1653"]
[BlackElo "1345"]
[PlyCount "57"]
[GameId "2160767910273381"]
[EventDate "2009.01.08"]
[EventType "swiss"]
[EventRounds "7"]
[EventCountry "CAN"]
[SourceTitle "EXT 2011"]
[Source "ChessBase"]
[SourceDate "2011.11.26"]
[SourceVersion "1"]
[SourceVersionDate "2011.11.26"]
[SourceQuality "1"]

1. e4 c5 2. Nf3 d6 3. Bb5+ Bd7 4. Bxd7+ Nxd7 5. O-O e5 6. c3 Ngf6 7. Re1 Be7 8. d4 cxd4 9. cxd4 O-O 10. Nc3 Re8 11. Be3 Qa5 12. Rc1 Rac8 13. h3 h6 14. Qd2 exd4 15. Nxd4 d5 16. Nxd5 Qxd2 17. Nxe7+ Kh7 18. Bxd2 Rxc1 19. Rxc1 Nxe4 20. Bxh6 Rxe7 21. Be3 Ng3 22. Rc7 Ne4 23. Rxb7 Nef6 24. Rxa7 Re4 25. b4 Kg6 26. a4 Nb6 27. Nc6 Nbd5 28. Bc5 Rc4 29. Ne5+ 1-0

[Event "Edmonton ch reserves"]
[Site "Edmonton CAN"]
[Date "2009.01.22"]
[Round "3"]
[White "Mendryk, Wayne"]
[Black "Huang, Zhonglin"]
[Result "1-0"]
[WhiteElo "1468"]
[BlackElo "1405"]
[PlyCount "89"]
[GameId "2160767910273382"]
[EventDate "2009.01.08"]
[EventType "swiss"]
[EventRounds "7"]
[EventCountry "CAN"]
[SourceTitle "EXT 2011"]
[Source "ChessBase"]
[SourceDate "2011.11.26"]
[SourceVersion "1"]
[SourceVersionDate "2011.11.26"]
[SourceQuality "1"]

1. e4 d5 2. exd5 Qxd5 3. Nc3 Qa5 4. d4 Nf6 5. Bd2 e6 6. Nf3 Nc6 7. Bc4 Bd6 8. O-O a6 9. a4 O-O 10. Ne4 Qf5 11. Nxd6 cxd6 12. Bd3 Ne4 13. Re1 d5 14. Qe2 a5 15. Bxe4 dxe4 16. Qxe4 Nb4 17. Bxb4 axb4 18. Qxf5 exf5 19. Re7 Rd8 20. Rae1 Bd7 21. b3 Bc6 22. Ng5 Re8 23. Rxe8+ Rxe8 24. Rxe8+ Bxe8 25. f4 h6 26. Nf3 Kf8 27. Kf2 Ke7 28. Ke3 Kd6 29. Ne5 f6 30. Nd3 Bc6 31. g3 Be4 32. Nxb4 g5 33. c4 b6 34. Nd3 Kc6 35. b4 Kc7 36. d5 g4 37. Kd4 Bf3 38. c5 Bd1 39. a5 bxa5 40. bxa5 Ba4 41. Nb4 Be8 42. d6+ Kb7 43. a6+ Ka7 44. c6 Kb6 45. d7 1-0